Semiconductor quantum light sources (Record no. 1432120)

MARC details
000 -LEADER
fixed length control field 01363nam a22002417a 4500
005 - DATE AND TIME OF LATEST TRANSACTION
control field 20250620155605.0
008 - FIXED-LENGTH DATA ELEMENTS--GENERAL INFORMATION
fixed length control field 250620b |||||||| |||| 00| 0 eng d
020 ## - INTERNATIONAL STANDARD BOOK NUMBER
International Standard Book Number 9783110703405
040 ## - CATALOGING SOURCE
Original cataloging agency CSL
Transcribing agency CSL
041 ## - LANGUAGE CODE
Source of code eng
Language code of text/sound track or separate title eng
084 ## - COLON CLASSIFICATION NUMBER
Classification number C6 R4
Assigning agency CSL
100 ## - MAIN ENTRY--PERSONAL NAME
Personal name Michler, Peter
Relator term author.
9 (RLIN) 809525
245 ## - TITLE STATEMENT
Title Semiconductor quantum light sources
Remainder of title : Fundamentals, technologies and devices
300 ## - PHYSICAL DESCRIPTION
Extent xvi, 358 p.
Other physical details : col. ill.
Dimensions ; 24 cm.
500 ## - GENERAL NOTE
General note Includes bibliography and index
520 ## - SUMMARY, ETC.
Summary, etc. The work provides fundamental expertise of quantum optics and photonic quantum technology with particular attention to the generation of non-classical light with semiconductor nanostructures. The book is written by experimentalists for experimentalists at various career stages: physics and engineering students, researchers in quantum optics, industry experts in quantum technology. A didactical structure is followed, having in each chapter overview and summary of the discussed topics, allowing for a quick consultation.
650 ## - SUBJECT ADDED ENTRY--TOPICAL TERM
Topical term or geographic name entry element Photonic engineering.
9 (RLIN) 813593
650 ## - SUBJECT ADDED ENTRY--TOPICAL TERM
Topical term or geographic name entry element Single-photon sources.
9 (RLIN) 813594
650 ## - SUBJECT ADDED ENTRY--TOPICAL TERM
Topical term or geographic name entry element Quantum optics.
9 (RLIN) 713547
650 ## - SUBJECT ADDED ENTRY--TOPICAL TERM
Topical term or geographic name entry element Semiconductor nanostructures.
9 (RLIN) 813595
700 ## - ADDED ENTRY--PERSONAL NAME
Personal name Portalupi, Simone Luca
Relator term co-author.
9 (RLIN) 813596
942 ## - ADDED ENTRY ELEMENTS (KOHA)
Source of classification or shelving scheme Colon Classification (CC)
Koha item type Textual
Classification part C6 R4
Suppress in OPAC No

No items available.

Copyright @ Delhi University Library System